Le top 10 des meilleurs buteurs de la Coupe du monde - Statistiques

Statistiques générales
  • Ce quiz a été pris 145 fois
  • Le résultat moyen est 6 sur 10
Statistiques - réponses
Hint Réponse % Correct
Argentine Lionel Messi 13 buts
98%
France Kylian Mbappé 12 buts
96%
Brésil Ronaldo 15 buts
90%
Allemagne Gerd Muller 14 buts
89%
Allemagne Miroslav Klose 16 buts
79%
Brésil Pelé 12 buts
79%
France Just Fontaine 13 buts
74%
Allemagne Jürgen Klinsmann 11 buts
14%
Hongrie Sandor Kocsis 11 buts
11%
Allemagne Helmut Rahn 10 buts
4%
Aucun quiz correspondant
Distribution des résultats
% des personnes avec chaque résultat
Percentile par nombre de réponses
Votre historique - résultats
Vous n’avez pas pris ce quiz